|
|
|
|
| LEADER |
00000nam a2200000 i 4500 |
| 001 |
1/47792 |
| 008 |
070707s2005 eng d |
| 020 |
|
|
|a 0-596-00962-3
|
| 035 |
|
|
|l 10088736
|
| 040 |
|
|
|a GR-MY-UA
|b gre
|e aacr
|
| 041 |
0 |
|
|a eng
|
| 082 |
0 |
|
|a 621.38212
|2 (22)
|
| 100 |
1 |
|
|a Meggelen, Jim Van.
|
| 245 |
1 |
0 |
|a Asterisk :
|b the future of telephony /
|c Jim Van Meggelen, Jared Smith and Leif Madsen
|
| 260 |
|
|
|a Beijing :
|b OReilly,
|c 2005
|
| 300 |
|
|
|a xxii, 380 σ.;
|b εικ.;
|c 24 εκ.
|
| 504 |
|
|
|a Περιλαμβάνει βιβλιογραφίες και ευρετήριο
|
| 650 |
0 |
0 |
|a Internet telephony.
|
| 700 |
1 |
|
|a Smith, Jared.
|
| 700 |
1 |
|
|a Madsen, Leif.
|
| 852 |
|
|
|a INST
|b SAMOS
|e 20070707
|h 621.382 MEG
|p 005300025842
|q 005300025842
|t BK
|y 0
|
| 901 |
|
|
|a BIBL3-2007-2
|
| 909 |
|
|
|a Σ
|b 135666
|
| 922 |
|
|
|a 3ΕΛΗ
|b 200706
|c ΕΠΕΑΕΚ2/ΤΜΠΕΣ
|d ΠΑΠΑΣΩΤΗΡΙΟΥ
|
| 970 |
|
|
|a ΒΛΑΧΟΥ
|b ΒΑΣΙΛΙΚΗ
|z 2007/07/07
|